Contemporary Clinical Trials

التفاصيل البيبلوغرافية
التنسيق: الكتروني دورية
اللغة:English
منشور في: Cambridge University Press
الوصول للمادة أونلاين:Full text available on Research4Life (HINARI,AGORA,OARE,ARDI & GOALI)
LEADER 00855cas a2200169 a 4500
001 AALejournalResearch4Life004004
008 240902c9999 xx r poo 0 0eng d
022 |a 1551-7144 
040 |a BD-DhAAL  |c BD-DhAAL 
245 0 0 |h [electronic resource]  |a Contemporary Clinical Trials 
260 |b Cambridge University Press 
300 |a 1 online resource 
362 0 |a v. 28 (2007) - current issue 
500 |a <strong>On-Campus Access Only (IP based access)</strong> 
506 |a Electronic access restricted to authorized BRAC University faculty, staff and students 
538 |a Mode of access: Internet 
856 4 0 |z Full text available on Research4Life (HINARI,AGORA,OARE,ARDI & GOALI)  |u https://auth.elsevier.com/ShibAuth/institutionLogin?entityID=http://stsr4l.who.int/adfs/services/trust&appReturnURL=https://www.clinicalkey.com/dura/browse/journalIssue/15517144